[Event "Oberliga NRW 1819"]
[Site "Germany"]
[Date "2018.11.18"]
[Round "3.8"]
[White "Franke, Danny"]
[Black "Liard, Thibaud"]
[Result "0-1"]
[WhiteElo "2095"]
[BlackElo "2158"]
[PlyCount "100"]
[EventDate "2018.09.16"]
[EventType "team-tourn"]
[EventRounds "9"]
[EventCountry "GER"]
[SourceTitle "EXT 2020"]
[Source "ChessBase"]
[SourceDate "2019.10.17"]
[SourceVersion "1"]
[SourceVersionDate "2019.10.17"]
[SourceQuality "1"]
[WhiteTeam "Dinslaken"]
[BlackTeam "Koeln Porz"]
[WhiteTeamCountry "GER"]
[BlackTeamCountry "GER"]

1. d4 Nf6 2. Nf3 g6 3. g3 Bg7 4. Bg2 0-0 5. 0-0 c6 6. b3 d5 7. Bb2 a5 8. a3 a4 9. Nbd2 axb3 10. cxb3 Ne4 11. Ne5 Nxd2 12. Qxd2 Nd7 13. Nxd7 Qxd7 14. Rfe1 Qc7 15. Rac1 Qb6 16. b4 Bf5 17. Rc5 Rfe8 18. Qf4 Qa7 19. h4 h5 20. Bf3 Bd7 21. Kg2 Qb8 22. Qd2 e5 23. dxe5 Bxe5 24. e4 Bxb2 25. Qxb2 Qe5 26. Qxe5 Rxe5 27. Ra1 b6 28. Rc3 dxe4 29. Be2 b5 30. Rd1 Be8 31. f3 f5 32. Rd6 Kf8 33. Rd2 Ke7 34. Kf2 e3+ 35. Rxe3 Rxe3 36. Kxe3 Rxa3+ 37. Kd4 Kd6 38. Rd3 Ra2 39. Ke3+ Kc7 40. Rd2 Ra4 41. Rb2 Kb6 42. Bd1 Ra1 43. Be2 c5 44. bxc5+ Kxc5 45. Kf4 Ra6 46. g4 fxg4 47. fxg4 hxg4 48. Kxg4 Re6 49. Kg5 Rb6 50. h5 gxh5 0-1

[Event "NRW Class1 1819"]
[Site "Germany"]
[Date "2018.09.16"]
[Round "1.3"]
[White "Liard, Thibaud"]
[Black "Guelsen, Taylan"]
[Result "1-0"]
[WhiteElo "2120"]
[BlackElo "2189"]
[PlyCount "55"]
[EventDate "2018.09.16"]
[EventType "team-tourn"]
[EventRounds "9"]
[EventCountry "GER"]
[SourceTitle "EXT 2022"]
[Source "ChessBase"]
[SourceDate "2021.10.06"]
[SourceVersion "1"]
[SourceVersionDate "2021.10.06"]
[SourceQuality "1"]
[WhiteTeam "Porz SG II"]
[BlackTeam "Niederkassel"]
[WhiteTeamCountry "GER"]
[BlackTeamCountry "GER"]

1. d4 d5 2. Bf4 c5 3. e3 Nc6 4. c3 cxd4 5. exd4 f6 6. Nf3 g5 7. Bg3 Bf5 8. Bb5 e6 9. 0-0 h5 10. h4 g4 11. Nfd2 Bd6 12. c4 Bxg3 13. fxg3 Nge7 14. Nc3 a6 15. Bxc6+ bxc6 16. Kh2 Qb8 17. cxd5 cxd5 18. Qe2 Kf7 19. Nb3 Qd6 20. Qf2 Ng6 21. Kh1 Rhf8 22. Nc5 Kg7 23. Rae1 Rae8 24. Re3 Re7 25. b4 Rb8 26. a3 Rf8 27. Qe2 Ra8 28. a4 1-0

[Event "Rheinland Pfalz op 10th"]
[Site "Nickenich"]
[Date "2018.06.02"]
[Round "5"]
[White "Reitz, Philipp"]
[Black "Liard, Thibaud"]
[Result "1/2-1/2"]
[WhiteElo "1975"]
[BlackElo "2163"]
[PlyCount "81"]
[EventDate "2018.05.31"]
[EventType "swiss"]
[EventRounds "7"]
[EventCountry "GER"]
[SourceTitle "EXT 2019"]
[Source "ChessBase"]
[SourceDate "2018.10.10"]
[SourceVersion "1"]
[SourceVersionDate "2018.10.10"]
[SourceQuality "1"]

1. e4 c5 2. Nc3 Nc6 3. Bb5 Nd4 4. Bc4 e6 5. Nge2 Nf6 6. 0-0 a6 7. d3 b5 8. Bb3 Nxb3 9. axb3 Bb7 10. Bg5 Be7 11. f4 0-0 12. f5 e5 13. Ng3 h6 14. Bxf6 Bxf6 15. Nh5 Bg5 16. Qg4 Be3+ 17. Kh1 Qg5 18. Qh3 g6 19. Rf3 Qxh5 20. Qxh5 gxh5 21. Rxe3 Rac8 22. Rh3 c4 23. bxc4 bxc4 24. Kg1 Kh7 25. Rd1 cxd3 26. Rdxd3 Rc4 27. Rxh5 Bxe4 28. Nxe4 Rxe4 29. Rdh3 Rg8 30. Rxh6+ Kg7 31. Rxa6 Re2 32. Rc3 d5 33. Kf1 Rd2 34. Rg3+ Kh7 35. Rh3+ Kg7 36. Rah6 Kf8 37. g3 Ke7 38. Rc6 Rd8 39. Ke1 Rg2 40. Kf1 Rd2 41. Ke1 1/2-1/2

[Event "Rheinland Pfalz op 10th"]
[Site "Nickenich"]
[Date "2018.06.01"]
[Round "4"]
[White "Liard, Thibaud"]
[Black "Luetz, Jannik"]
[Result "1-0"]
[WhiteElo "2163"]
[BlackElo "1847"]
[PlyCount "73"]
[EventDate "2018.05.31"]
[EventType "swiss"]
[EventRounds "7"]
[EventCountry "GER"]
[SourceTitle "EXT 2019"]
[Source "ChessBase"]
[SourceDate "2018.10.10"]
[SourceVersion "1"]
[SourceVersionDate "2018.10.10"]
[SourceQuality "1"]

1. d4 Nf6 2. c4 g6 3. Nc3 d5 4. cxd5 Nxd5 5. Bd2 Bg7 6. e4 Nxc3 7. Bxc3 0-0 8. Nf3 Bg4 9. Be2 e6 10. 0-0 Nc6 11. d5 Bxf3 12. Bxf3 exd5 13. Bxg7 Kxg7 14. exd5 Ne5 15. Be2 f5 16. Re1 Qf6 17. Rc1 Rac8 18. Qb3 Qb6 19. Qc3 Qf6 20. Bf1 Ng4 21. Qg3 Qxb2 22. h3 Nf6 23. Rxc7+ Rxc7 24. Qxc7+ Rf7 25. Re7 Rxe7 26. Qxe7+ Kh6 27. d6 Qd4 28. Be2 Ne4 29. Qf8+ Kg5 30. h4+ Kf4 31. Qh6+ Ke5 32. Qg7+ Nf6 33. Qe7+ Kd5 34. d7 Qa1+ 35. Kh2 Nxd7 36. Qxd7+ Kc5 37. Qc7+ 1-0

[Event "Rheinland Pfalz op 10th"]
[Site "Nickenich"]
[Date "2018.05.31"]
[Round "2"]
[White "Liard, Thibaud"]
[Black "Guckes, Simon"]
[Result "1-0"]
[WhiteElo "2163"]
[BlackElo "1549"]
[PlyCount "33"]
[EventDate "2018.05.31"]
[EventType "swiss"]
[EventRounds "7"]
[EventCountry "GER"]
[SourceTitle "CBM 184 Extra"]
[Source "ChessBase"]
[SourceDate "2018.06.28"]
[SourceVersion "1"]
[SourceVersionDate "2018.06.28"]
[SourceQuality "1"]

1. d4 c5 2. dxc5 e6 3. Nc3 Bxc5 4. Ne4 Qb6 5. Nxc5 Qxc5 6. Be3 Qb4+ 7. Qd2 Nc6 8. 0-0-0 Qa4 9. Kb1 Nf6 10. f3 Nd5 11. Bc5 Na5 12. e4 Nc4 13. Bxc4 Qxc4 14. Ba3 Ne7 15. Bxe7 Kxe7 16. Qg5+ Kf8 17. Qd8# 1-0

[Event "Rheinland Pfalz op 10th"]
[Site "Nickenich"]
[Date "2018.05.03"]
[Round "7"]
[White "Koellner, Christoph"]
[Black "Liard, Thibaud"]
[Result "1-0"]
[WhiteElo "2083"]
[BlackElo "2163"]
[PlyCount "106"]
[EventDate "2018.05.31"]
[EventType "swiss"]
[EventRounds "7"]
[EventCountry "GER"]
[SourceTitle "EXT 2019"]
[Source "ChessBase"]
[SourceDate "2018.10.10"]
[SourceVersion "1"]
[SourceVersionDate "2018.10.10"]
[SourceQuality "1"]

1. d4 Nf6 2. Nf3 d6 3. Nbd2 Bg4 4. e4 e6 5. c3 Be7 6. Bd3 0-0 7. 0-0 d5 8. e5 Nfd7 9. Qc2 g6 10. h3 Bxf3 11. Nxf3 c5 12. Bh6 Re8 13. Qd2 Nc6 14. Qf4 Bf8 15. Bxf8 Rxf8 16. Qh6 Re8 17. Rad1 cxd4 18. cxd4 Qb6 19. b3 a5 20. Bb1 a4 21. Rd3 Qb4 22. Ng5 Nf8 23. Rfd1 Rac8 24. h4 Ne7 25. g4 Rc3 26. Rxc3 Qxc3 27. bxa4 Nc6 28. Nxh7 Nxh7 29. Bxg6 Nf8 30. Bxf7+ Kxf7 31. Qf6+ Kg8 32. Qg5+ Kf7 33. Qf6+ Kg8 34. Qg5+ Kh7 35. Qh5+ Kg7 36. Qxe8 Qc2 37. Re1 Nxd4 38. Qe7+ Kg8 39. Kg2 Ne2 40. Qg5+ Kf7 41. Qe3 Nc3 42. Rc1 Qe4+ 43. Qxe4 Nxe4 44. Rc7+ Kg6 45. f4 b6 46. h5+ Kh6 47. Kh3 Nd2 48. Rf7 Nh7 49. Rb7 Nf8 50. Rxb6 Nc4 51. Rb7 Ne3 52. a5 d4 53. a6 Nd5 1-0

[Event "BL2-West 1718"]
[Site "Germany"]
[Date "2017.10.22"]
[Round "2.8"]
[White "Juegel, Marcel"]
[Black "Liard, Thibaud"]
[Result "1-0"]
[WhiteElo "2170"]
[BlackElo "2182"]
[PlyCount "81"]
[EventDate "2017.10.08"]
[EventType "team-tourn"]
[EventRounds "9"]
[EventCountry "GER"]
[SourceTitle "CBM 183 Extra"]
[Source "ChessBase"]
[SourceDate "2018.04.19"]
[SourceVersion "1"]
[SourceVersionDate "2018.04.19"]
[SourceQuality "1"]
[WhiteTeam "Aachen DJK"]
[BlackTeam "Koeln Porz"]
[WhiteTeamCountry "GER"]
[BlackTeamCountry "GER"]

1. d4 d5 2. Nc3 Nf6 3. Bf4 c6 4. e3 Bf5 5. f3 e6 6. g4 Bg6 7. h4 h5 8. g5 Nfd7 9. Bd3 Bxd3 10. Qxd3 g6 11. Nge2 Bg7 12. e4 0-0 13. Bd6 Re8 14. e5 c5 15. f4 Nc6 16. dxc5 Bf8 17. Qb5 Qc8 18. Na4 a6 19. Qd3 b5 20. cxb6 Bxd6 21. exd6 Nb4 22. Qb3 Nxc2+ 23. Kd2 Nxa1 24. Rxa1 Qb8 25. Qb4 a5 26. Qb5 Qxd6 27. b7 Rab8 28. Rc1 e5 29. Rc6 Qe7 30. f5 e4 31. Rc7 e3+ 32. Kd1 Qe4 33. Nac3 Qh1+ 34. Kc2 Ne5 35. fxg6 fxg6 36. Qxd5+ Qxd5 37. Nxd5 Red8 38. Nef4 Ng4 39. Ne7+ Kf8 40. Nexg6+ Kg8 41. Ne6 1-0

[Event "Oberliga NRW 1718"]
[Site "Germany"]
[Date "2017.10.15"]
[Round "2.5"]
[White "Kueppers, Timo"]
[Black "Liard, Thibaud"]
[Result "1/2-1/2"]
[WhiteElo "2124"]
[BlackElo "2177"]
[PlyCount "106"]
[EventDate "2017.09.17"]
[EventType "team-tourn"]
[EventRounds "9"]
[EventCountry "GER"]
[SourceTitle "EXT 2019"]
[Source "ChessBase"]
[SourceDate "2018.10.10"]
[SourceVersion "1"]
[SourceVersionDate "2018.10.10"]
[SourceQuality "1"]
[WhiteTeam "Essen Katernberg"]
[BlackTeam "Koeln Porz II"]
[WhiteTeamCountry "GER"]
[BlackTeamCountry "GER"]

1. c4 c5 2. g3 g6 3. Bg2 Bg7 4. Nc3 Nc6 5. e4 d6 6. Nge2 Nf6 7. 0-0 0-0 8. d3 Rb8 9. h3 a6 10. a4 Nd7 11. Be3 Nd4 12. Rb1 Nxe2+ 13. Qxe2 Ne5 14. d4 cxd4 15. Bxd4 Be6 16. b3 Nf3+ 17. Qxf3 Bxd4 18. Rfd1 Bxc3 19. Qxc3 Qc8 20. e5 b5 21. exd6 exd6 22. Rxd6 bxc4 23. b4 Rd8 24. Rbd1 Qc7 25. Qe5 Rxd6 26. Rxd6 Re8 27. Qd4 Rc8 28. Rxa6 c3 29. Rc6 Qxc6 30. Bxc6 Rxc6 31. Qd8+ Kg7 32. Qd4+ f6 33. Qe4 Rc7 34. Qf4 Rc8 35. Qc1 c2 36. a5 Bb3 37. Kh2 Rd8 38. Qf4 Rc8 39. Qc1 Rd8 40. Qf4 Rd1 41. Qc7+ Kf8 42. Qc8+ Ke7 43. Qc7+ Ke6 44. Qc6+ Ke5 45. Qc3+ Kd6 46. Qc5+ Kd7 47. Qb5+ Ke7 48. Qc5+ Kd8 49. Qb6+ Ke8 50. Qc6+ Kf7 51. Qc7+ Kf8 52. Qc8+ Kg7 53. Qc7+ Kf8 1/2-1/2

[Event "Oberliga NRW 1718"]
[Site "Germany"]
[Date "2017.09.17"]
[Round "1.4"]
[White "Stillger, Bernhard"]
[Black "Liard, Thibaud"]
[Result "1-0"]
[WhiteElo "2272"]
[BlackElo "2177"]
[PlyCount "67"]
[EventDate "2017.09.17"]
[EventType "team-tourn"]
[EventRounds "9"]
[EventCountry "GER"]
[SourceTitle "EXT 2019"]
[Source "ChessBase"]
[SourceDate "2018.10.10"]
[SourceVersion "1"]
[SourceVersionDate "2018.10.10"]
[SourceQuality "1"]
[WhiteTeam "Oberhausen"]
[BlackTeam "Koeln Porz II"]
[WhiteTeamCountry "GER"]
[BlackTeamCountry "GER"]

1. Nf3 c5 2. c4 Nc6 3. Nc3 g6 4. e3 Bg7 5. d4 d6 6. Be2 e5 7. dxc5 dxc5 8. 0-0 Qxd1 9. Rxd1 Nge7 10. Ne4 b6 11. Nd6+ Kf8 12. Ng5 Nd8 13. Bd2 h6 14. Nxc8 Nxc8 15. Bc3 Ke7 16. Nf3 Nc6 17. Rd5 f6 18. Nh4 Kf7 19. Rd7+ N6e7 20. Rad1 f5 21. g3 Bf6 22. f4 e4 23. Bxf6 Kxf6 24. g4 a6 25. gxf5 gxf5 26. Rb7 Ra7 27. Rxa7 Nxa7 28. Rd6+ Kf7 29. Bh5+ Kg7 30. Rd7 Nac6 31. Nxf5+ Kf6 32. Nxe7 Nxe7 33. Rd6+ Kg7 34. Kf2 1-0

[Event "Oberliga NRW 1617"]
[Site "Germany"]
[Date "2016.12.11"]
[Round "4.6"]
[White "Auer, Martin"]
[Black "Liard, Thibaud"]
[Result "1/2-1/2"]
[WhiteElo "2267"]
[BlackElo "2161"]
[PlyCount "55"]
[EventDate "2016.09.25"]
[EventType "team-tourn"]
[EventRounds "9"]
[EventCountry "GER"]
[SourceTitle "EXT 2020"]
[Source "ChessBase"]
[SourceDate "2019.10.17"]
[SourceVersion "1"]
[SourceVersionDate "2019.10.17"]
[SourceQuality "1"]
[WhiteTeam "Wuppertal Bahn"]
[BlackTeam "Koeln Porz II"]
[WhiteTeamCountry "GER"]
[BlackTeamCountry "GER"]

1. f4 d5 2. Nf3 c5 3. g3 Nf6 4. Bg2 g6 5. 0-0 Bg7 6. d3 0-0 7. c3 b6 8. Na3 Bb7 9. Re1 d4 10. e4 dxe3 11. Bxe3 Nc6 12. Qe2 Re8 13. Nc4 Ng4 14. Bd2 b5 15. Ne3 Nf6 16. Rad1 Qb6 17. Ng5 e5 18. Nd5 Nxd5 19. Bxd5 Nd8 20. Qe4 Bxd5 21. Qxd5 Qc6 22. Qxc6 Nxc6 23. Ne4 exf4 24. gxf4 c4 25. dxc4 bxc4 26. Nd6 Rxe1+ 27. Rxe1 Rd8 28. Re8+ 1/2-1/2

[Event "Oberliga NRW 1617"]
[Site "Germany"]
[Date "2016.10.23"]
[Round "2.8"]
[White "Lenaerts, Lennert"]
[Black "Liard, Thibaud"]
[Result "0-1"]
[WhiteElo "2279"]
[BlackElo "2161"]
[PlyCount "44"]
[EventDate "2016.09.25"]
[EventType "team-tourn"]
[EventRounds "9"]
[EventCountry "GER"]
[SourceTitle "EXT 2020"]
[Source "ChessBase"]
[SourceDate "2019.10.17"]
[SourceVersion "1"]
[SourceVersionDate "2019.10.17"]
[SourceQuality "1"]
[WhiteTeam "Aachen Aufwaerts II"]
[BlackTeam "Koeln Porz II"]
[WhiteTeamCountry "GER"]
[BlackTeamCountry "GER"]

1. d4 Nf6 2. c4 g6 3. f3 Bg7 4. e4 0-0 5. Be3 d6 6. Ne2 Nbd7 7. Qd2 c5 8. d5 b5 9. cxb5 a6 10. Nec3 Qa5 11. a4 axb5 12. Nxb5 Nb6 13. N1c3 Nfd7 14. b3 c4 15. bxc4 Ne5 16. Bd4 Bd7 17. Rc1 Rfc8 18. Qf2 Nxa4 19. Ra1 Bxb5 20. cxb5 Rxc3 21. Qd2 Nxf3+ 22. gxf3 Bxd4 0-1

[Event "Dortmund Sparkassen op-A 44th"]
[Site "Dortmund"]
[Date "2016.07.16"]
[Round "8"]
[White "Borchert, Louis"]
[Black "Liard, Thibaud"]
[Result "0-1"]
[WhiteElo "1878"]
[BlackElo "2183"]
[PlyCount "94"]
[EventDate "2016.07.09"]
[EventType "swiss"]
[EventRounds "9"]
[EventCountry "GER"]
[SourceTitle "CBM 173 Extra"]
[Source "ChessBase"]
[SourceDate "2016.08.29"]
[SourceVersion "1"]
[SourceVersionDate "2016.08.29"]
[SourceQuality "1"]

1. e4 c5 2. c3 d5 3. exd5 Qxd5 4. d4 Nf6 5. Nf3 Nc6 6. Na3 cxd4 7. Bc4 Qd8 8. cxd4 e6 9. Nb5 a6 10. Nc3 b5 11. Bb3 Na5 12. Bc2 Bb7 13. 0-0 Be7 14. Re1 0-0 15. a4 b4 16. Ne4 Rc8 17. Nxf6+ Bxf6 18. Qd3 g6 19. Bd2 Bxf3 20. gxf3 Nc6 21. Qxa6 Nxd4 22. Be4 Nxf3+ 23. Bxf3 Qxd2 24. Red1 Qf4 25. Qe2 Rc5 26. Rd3 Be5 27. Rad1 Qxh2+ 28. Kf1 Qf4 29. Re3 Rfc8 30. Re4 Qf6 31. Rxb4 Rc2 32. Qe4 Bxb2 33. Rb3 e5 34. Rbd3 Bd4 35. R3d2 Rxd2 36. Rxd2 Rc1+ 37. Ke2 Qa6+ 38. Qd3 Qxa4 39. Bd5 Qd7 40. Qe4 Qh3 41. Rxd4 Qf1+ 42. Kf3 Rc3+ 43. Kg4 Qg1+ 44. Kh4 Qxf2+ 45. Kg5 Rg3+ 46. Kh6 Rh3+ 47. Kg5 h6+ 0-1

[Event "Dortmund Sparkassen op-A 44th"]
[Site "Dortmund"]
[Date "2016.07.14"]
[Round "6"]
[White "Zolfagharian, Kevin"]
[Black "Liard, Thibaud"]
[Result "1-0"]
[WhiteElo "2130"]
[BlackElo "2183"]
[PlyCount "120"]
[EventDate "2016.07.09"]
[EventType "swiss"]
[EventRounds "9"]
[EventCountry "GER"]
[SourceTitle "CBM 173 Extra"]
[Source "ChessBase"]
[SourceDate "2016.08.29"]
[SourceVersion "1"]
[SourceVersionDate "2016.08.29"]
[SourceQuality "1"]

1. e4 c5 2. Nf3 d6 3. d4 cxd4 4. Nxd4 Nf6 5. Nc3 g6 6. Be3 Bg7 7. f3 Nc6 8. Qd2 0-0 9. g4 Be6 10. Nxe6 fxe6 11. 0-0-0 Ne5 12. Be2 Rc8 13. Nb5 Nc4 14. Bxc4 Rxc4 15. h4 Qd7 16. Na3 Ra4 17. Bh6 Rxa3 18. bxa3 Qa4 19. Bxg7 Qxa3+ 20. Kb1 Kxg7 21. h5 Rc8 22. hxg6 hxg6 23. Qh6+ Kf7 24. Rd3 Qc5 25. Qd2 Rc6 26. g5 Nh5 27. f4 Ke8 28. Rb3 b5 29. Rf1 a5 30. Qd3 b4 31. c3 bxc3 32. Kc2 Qc4 33. Qxc4 Rxc4 34. Kd3 d5 35. exd5 exd5 36. Rxc3 Nxf4+ 37. Kc2 Ra4 38. a3 Kd7 39. Re1 Kd6 40. Rb1 Re4 41. Rb5 a4 42. Rb4 d4 43. Rc8 e5 44. Rb6+ Kd5 45. Rb5+ Ke6 46. Rf8 Nd5 47. Ra5 Re2+ 48. Kd3 Nf4+ 49. Kc4 Rc2+ 50. Kb4 Nd5+ 51. Kxa4 Rb2 52. Re8+ Ne7 53. Ra7 Kf5 54. Raxe7 Re2 55. Kb3 e4 56. a4 e3 57. Kc4 Rd2 58. a5 Kxg5 59. a6 Kf4 60. Rf8+ Kg3 1-0

[Event "Oberliga NRW 1516"]
[Site "Germany"]
[Date "2016.03.06"]
[Round "7.6"]
[White "Noelke, Manfred"]
[Black "Liard, Thibaud"]
[Result "0-1"]
[WhiteElo "1924"]
[BlackElo "2128"]
[PlyCount "112"]
[EventDate "2015.09.27"]
[EventType "team-tourn"]
[EventRounds "9"]
[EventCountry "GER"]
[SourceTitle "EXT 2017"]
[Source "ChessBase"]
[SourceDate "2016.10.25"]
[SourceVersion "1"]
[SourceVersionDate "2016.10.25"]
[SourceQuality "1"]
[WhiteTeam "Plettenberg"]
[BlackTeam "Koeln Porz II"]
[WhiteTeamCountry "GER"]
[BlackTeamCountry "GER"]

1. d4 Nf6 2. Nf3 g6 3. c4 Bg7 4. Nc3 d5 5. Bf4 0-0 6. e3 c6 7. Be2 b6 8. 0-0 Bb7 9. Rc1 Nbd7 10. cxd5 Nxd5 11. Nxd5 cxd5 12. Bc7 Qe8 13. Bb5 a6 14. Bxd7 Qxd7 15. Bxb6 Rac8 16. Bc5 f6 17. Qb3 g5 18. Rc3 g4 19. Nd2 f5 20. Rfc1 Rf6 21. Qb4 Bf8 22. Bb6 Rxc3 23. Rxc3 Bc6 24. Qa5 Bb5 25. Nb3 f4 26. exf4 Qe6 27. Rg3 Qxb6 28. Rxg4+ Bg7 29. Qd2 Qe6 30. h3 Rg6 31. Rxg6 hxg6 32. Qe3 Qf6 33. Qe5 Qxe5 34. fxe5 Bc4 35. f4 Bxb3 36. axb3 Bh6 37. g3 g5 38. fxg5 Bxg5 39. Kf2 Bc1 40. g4 Bxb2 41. Ke3 Bc1+ 42. Kf3 Bg5 43. Ke2 Kf7 44. Kd3 Kg6 45. Kc3 Be3 46. h4 Bf2 47. h5+ Kg5 48. Kd3 Bg1 49. Kc3 Be3 50. Kd3 Bc1 51. Kc3 Kxg4 52. Kb4 Kf5 53. Ka5 Ke4 54. Kxa6 Kxd4 55. b4 Kxe5 56. b5 Be3 0-1

[Event "Oberliga NRW 1415"]
[Site "Germany"]
[Date "2014.10.05"]
[Round "2.8"]
[White "Hamblok, Roel"]
[Black "Liard, Thibaud"]
[Result "1-0"]
[WhiteElo "2243"]
[BlackElo "2131"]
[PlyCount "95"]
[EventDate "2014.09.14"]
[EventType "team-tourn"]
[EventRounds "9"]
[EventCountry "GER"]
[SourceTitle "EXT 2017"]
[Source "ChessBase"]
[SourceDate "2016.10.25"]
[SourceVersion "1"]
[SourceVersionDate "2016.10.25"]
[SourceQuality "1"]
[WhiteTeam "Wuerselen"]
[BlackTeam "Koeln Porz II"]
[WhiteTeamCountry "GER"]
[BlackTeamCountry "GER"]

1. d4 d5 2. Bf4 Nf6 3. e3 c5 4. c3 Nc6 5. Nd2 Qb6 6. Qb3 c4 7. Qc2 e6 8. b3 cxb3 9. axb3 Be7 10. Ngf3 0-0 11. Bd3 Bd7 12. Ne5 Rfd8 13. 0-0 Rac8 14. Qb1 g6 15. c4 Nh5 16. Nxc6 Bxc6 17. Be5 a6 18. h3 Rf8 19. c5 Qd8 20. b4 Qd7 21. Nf3 Nf6 22. Bf4 Ne4 23. Ne5 Qe8 24. Bxe4 dxe4 25. Bh6 Bd5 26. Rc1 f6 27. Bxf8 Bxf8 28. Nc4 Rc7 29. b5 axb5 30. Nb6 Bc6 31. Ra8 Qf7 32. Qb3 Kg7 33. Rca1 f5 34. Rc8 Rxc8 35. Nxc8 g5 36. Na7 Bd5 37. Qxb5 f4 38. Nc8 Kf6 39. Nd6 Qh5 40. Qe8 Qxe8 41. Nxe8+ Ke7 42. Nd6 Kd7 43. Nf7 h6 44. Ra8 Bg7 45. Rg8 Bf6 46. Rg6 Ke7 47. Nxh6 e5 48. Ng4 1-0

[Event "Syre Memorial op 34th"]
[Site "Issy les Moulineaux"]
[Date "2011.06.03"]
[Round "2"]
[White "Guliyev, Namig"]
[Black "Liard, Thibaud"]
[Result "1-0"]
[WhiteElo "2554"]
[BlackElo "2125"]
[PlyCount "75"]
[EventDate "2011.06.03"]
[EventType "swiss"]
[EventRounds "6"]
[EventCountry "FRA"]
[SourceTitle "EXT 2012"]
[Source "ChessBase"]
[SourceDate "2011.11.24"]
[SourceVersion "1"]
[SourceVersionDate "2011.11.24"]
[SourceQuality "1"]

1. e4 c5 2. Nf3 d6 3. d4 cxd4 4. Nxd4 Nf6 5. Nc3 g6 6. Be2 Bg7 7. 0-0 0-0 8. Be3 Nc6 9. Qd2 Ng4 10. Bxg4 Bxg4 11. Nxc6 bxc6 12. Bh6 Rb8 13. Bxg7 Kxg7 14. b3 Qa5 15. f4 Bc8 16. Kh1 Bb7 17. Rae1 c5 18. Re3 c4 19. f5 f6 20. Rg3 g5 21. h4 Qe5 22. Rff3 g4 23. Rxg4+ Kh8 24. b4 Rg8 25. Rff4 Rxg4 26. Rxg4 Rg8 27. Rxg8+ Kxg8 28. Qe3 d5 29. Nb5 d4 30. Nxd4 Bxe4 31. Kg1 c3 32. g3 h5 33. Kf2 Kh7 34. Qxc3 Bxf5 35. Qc5 Qxc5 36. bxc5 Bd7 37. c6 Bc8 38. Nb5 1-0

[Event "Montigny le Bretonneux Noel op 11th"]
[Site "Montigny le Bretonneux"]
[Date "2008.12.29"]
[Round "5"]
[White "Pantic, David"]
[Black "Liard, Thibaud"]
[Result "0-1"]
[WhiteElo "1950"]
[BlackElo "2118"]
[PlyCount "48"]
[EventDate "2008.12.26"]
[EventType "swiss"]
[EventRounds "7"]
[EventCountry "FRA"]
[SourceTitle "EXT 2010"]
[Source "ChessBase"]
[SourceDate "2010.11.25"]
[SourceVersion "1"]
[SourceVersionDate "2010.11.25"]
[SourceQuality "1"]

1. b3 e5 2. Bb2 Nc6 3. e3 d5 4. Bb5 Bd6 5. f4 Qh4+ 6. g3 Qe7 7. Nf3 Bg4 8. h3 Bxf3 9. Qxf3 Nf6 10. Nc3 a6 11. Be2 d4 12. Ne4 Nb4 13. Nxf6+ Qxf6 14. 0-0 0-0 15. exd4 exf4 16. a3 Nxc2 17. Bd3 Nxa1 18. Bxa1 Qg5 19. g4 Qh4 20. Qe4 Qg3+ 21. Kh1 Qxh3+ 22. Kg1 Qxg4+ 23. Kh1 Qh3+ 24. Kg1 Rae8 0-1